Meeting local housing demand (Record no. 113205)

MARC details
000 -LEADER
fixed length control field 00845cad a22002055a 4500
001 - CONTROL NUMBER
control field L154860
008 - FIXED-LENGTH DATA ELEMENTS--GENERAL INFORMATION
fixed length control field 120124s2012 xxk f 000 0 eng d
035 ## - SYSTEM CONTROL NUMBER
System control number (Sirsi) u154860
041 0# - LANGUAGE CODE
Language code of text/sound track or separate title eng
110 2# - MAIN ENTRY--CORPORATE NAME
Corporate name or jurisdiction name as entry element Local Government Association
9 (RLIN) 5763
245 00 - TITLE STATEMENT
Title Meeting local housing demand
Remainder of title a guide for elected members[electronic resource]
260 ## - PUBLICATION, DISTRIBUTION, ETC.
Place of publication, distribution, etc. London
Name of publisher, distributor, etc. Local Government Association
Date of publication, distribution, etc. 2012
520 ## - SUMMARY, ETC.
Summary, etc. Offers guidance to local councillors on how deliver new affordable housing, improving existing housing stock and making housing central to local areas. Includes case studies.
590 ## - LOCAL NOTE (RLIN)
Local note KA NTK
651 #4 - SUBJECT ADDED ENTRY--GEOGRAPHIC NAME
Geographic name England
Chronological subdivision 886-
690 ## - LOCAL SUBJECT ADDED ENTRY--TOPICAL TERM (OCLC, RLIN)
Topical term or geographic name as entry element Affordable housing
9 (RLIN) 6215
710 1# - ADDED ENTRY--CORPORATE NAME
Corporate name or jurisdiction name as entry element Homes and Communities Agency
9 (RLIN) 5688
856 40 - ELECTRONIC LOCATION AND ACCESS
Uniform Resource Identifier <a href="https://www.lga.gov.uk/lga/aio/21408529">https://www.lga.gov.uk/lga/aio/21408529</a>
Public note View the item free of charge at www.lga.gov.uk
942 ## - ADDED ENTRY ELEMENTS (KOHA)
Suppress in OPAC 0
Holdings
Withdrawn status Lost status Source of classification or shelving scheme Damaged status Not for loan Home library Current library Shelving location Date acquired Total Checkouts Full call number Barcode Date last seen Copy number Price effective from Koha item type
    Dewey Decimal Classification     Virtual Virtual Online 24/01/2012   ONLINE PUBLICATION 154860-2001 06/08/2019 1 06/08/2019 Book